It looks like you're offline.
Open Library logo
additional options menu

MARC Record from Scriblio

Record ID marc_records_scriblio_net/part07.dat:145296478:762
Source Scriblio
Download Link /show-records/marc_records_scriblio_net/part07.dat:145296478:762?format=raw

LEADER: 00762cam 2200229 4500
001 73170218 //r953
003 DLC
005 19950731122516.1
008 730927s1972 ph a b 000 0 eng
010 $a 73170218 //r953
040 $aDLC$cDLC$dDLC
043 $aa-ph---
050 00 $aHN720.R3$bT6
082 00 $a322.4/4/09599
245 00 $aTowards a Filipino social revolution.$cEdited by Ed Garcia [and others] Art by Dan Borjal [and] Ding Reyes.
260 0 $aLakasdiwa, Philippines,$bTambuli Press,$c1972.
300 $a141 p.$billus.$c23 cm.
504 $aIncludes bibliographical references.
650 0 $aRadicalism$zPhilippines.
651 0 $aPhilippines$xEconomic conditions.
650 0 $aSocialism, Christian$zPhilippines.
700 1 $aGarcia, Ed$q(Edmundo)